000 01236nam a2200313 i 4500
001 000005054
003 DO-SdBNP
005 20260306091350.0
007 ta
008 090729s1997 dr 000 0 spa d
020 _a8484002411
040 _aDO-SdBNP
_bspa
_cBNPHU
_erda
041 _aspa
082 4 _axxxx
_bC965c
_222
100 1 _aCuello H., José Israel,
_eautor
_4aut.
_96298
245 1 0 _aContratación de mano de obra haitiana destinada a la industria azucarera dominicana (1952-1986) /
_cJosé Israel Cuello H.
250 _aPrimera edición
264 4 _aSanto Domingo , República Dominicana :
_bEditora Talle,
_c©1997.
300 _a457 páginas ;
_c23 cm.
336 _atexto
_btxt
_2rdacontent
337 _asin mediación
_bn
_2rdamedia
338 _avolumen
_bnc
_2rdacarrier
490 0 _aBibliioteca Taller
_v310
500 _aIncluye datos biograficos del autor en las solapas
500 _aDetalles y comparaciones de los documentos que regularon el reclutamiento de trabajadores haitianos para las zafras azucareras en la República Dominicana desde 1952 hasta 1986
500 _aIncluye referencias bibliográficas y notas al pie de las páginas
590 _aInventariado, 2026/BT
942 _2ddc
_cLBS1
999 _c4858
_d4858